Interpretación y análisis de los procesos de negociación: aportes desde la ciencia política /

Se sistematizan dos modelos de negociación, el de toma de decisiones y el de madurez del conflicto, como herramientas metodológicas para la descripción, interpretación y análisis de procesos de negociación presentados en un contexto sociopolítico. Estos modelos permiten mejorar la capacidad y eficie...

Volledige beschrijving

Bewaard in:
Bibliografische gegevens
Hoofdauteur: Hernández Ortiz, Evelyn
Formaat: Texto
Onderwerpen:
Tags: Voeg label toe
Geen labels, Wees de eerste die dit record labelt!

MARC

LEADER 00000 a a2200000 04500
001 13756
003
040
100 |a Hernández Ortiz, Evelyn  
245 |a Interpretación y análisis de los procesos de negociación:   |b aportes desde la ciencia política /  |c Evelyn Hernández Ortiz 
520 |a Se sistematizan dos modelos de negociación, el de toma de decisiones y el de madurez del conflicto, como herramientas metodológicas para la descripción, interpretación y análisis de procesos de negociación presentados en un contexto sociopolítico. Estos modelos permiten mejorar la capacidad y eficiencia del politólogo en la toma de decisiones  
650 |a NEGOCIACION COLECTIVA  
650 |a CIENCIA POLITICA  
650 |a MODELOS  
650 |a TOMA DE DECISIONES  
650 |a SOLUCION DE CONFLICTOS  
650 |a COSTA RICA  
773 |g volumen 87, número 1; páginas 87-98  
999 |c 19636  |d 19636